| 000 | 01338nam a2200337 i 4500 | ||
|---|---|---|---|
| 003 | EG-ScBUE | ||
| 005 | 20231024103932.0 | ||
| 008 | 160204s2011 ua fr 000 0 ara d | ||
| 017 | _a2011 / 25461 | ||
| 020 | _a977617728X | ||
| 040 |
_aEG-ScBUE _bara _erda _cEG-ScBUE _dEG-ScBUE |
||
| 082 | 0 | 4 |
_a923.2 _bب ي ج _222 |
| 100 | 1 |
_aبيجن، مناحم _d1992-1913، _eمؤلف. _939261 |
|
| 245 | 1 | 0 |
_aمذكرات مناحم بيجين / _bإعداد د. الحسيني الحسيني معدي. |
| 246 | 3 | 4 | _aمذكرات مناحم بيجن |
| 250 | _aالطبعة الأولى. | ||
| 264 | 1 |
_aالقاهرة : _bدار الخلود للتراث والنشر والتوزيع، _c2011. |
|
| 300 |
_a424 صفحة ؛ _c22 سم |
||
| 336 |
_2rdacontent _aنص _btxt |
||
| 337 |
_2rdamedia _aبدون وسيط _bn |
||
| 338 |
_2rdacarrier _aمجلد _bnc |
||
| 541 |
_cDonation ; _aJudge Medhat Abo El-Fadl. |
||
| 600 | 1 | 7 |
_aبيجن، مناحم _d1992-1913. _2BUEsh _939261 |
| 650 | 7 |
_aالسياسيون الإسرائيليون _xتراجم. _2BUEsh _939256 |
|
| 650 | 7 |
_aالنزاع العربي الإسرائيلي. _2BUEsh |
|
| 651 | 7 |
_aإسرائيل _xتاريخ _yقرن 20. _2BUEsh |
|
| 653 |
_bGGEN _cFebruary2016 |
||
| 655 | _vReading book | ||
| 700 | 1 |
_aمعدي، الحسيني الحسيني، _eمعد. |
|
| 942 | _2ddc | ||
| 999 |
_c21126 _d21098 |
||